000
00252nam a2200097Ia 4500
001
808769
005
20250826171256.0
008
250824s9999 xx 000 0 und d
245
0
_a
SKANDİVYAYI KURTARMAK
_c
JOHN FLANAGAN
260
_b
BEYAZ BALİNA YAYINLARI
999
_c
808769
_d
808769